Centro de Residencias Artísticas (Record no. 1795)

MARC details
000 -LEADER
campo de control de longitud fija 00907nam a2200133 4500
008 - DATOS DE LONGITUD FIJA--INFORMACIÓN GENERAL
campo de control de longitud fija 707 AY989c
082 ## - NÚMERO DE LA CLASIFICACIÓN DECIMAL DEWEY
Número de clasificación 707
Número de ítem AY989c
100 ## - ENTRADA PRINCIPAL--NOMBRE DE PERSONA
Nombre de persona El Matadero
9 (RLIN) 7057
245 ## - MENCIÓN DEL TÍTULO
Título Centro de Residencias Artísticas
260 ## - PUBLICACIÓN, DISTRIBUCIÓN, ETC.
Lugar de publicación, distribución, etc. Madrid
Nombre del editor, distribuidor, etc. Matadero Madrid
Fecha de publicación, distribución, etc. 2018
300 ## - DESCRIPCIÓN FÍSICA
Extensión 32 p.
Otras características físicas il. (col)
Dimensiones 21 x 14,8 cm
505 ## - NOTA DE CONTENIDO CON FORMATO
Título Espacios de trabajo para agentes de la ciudad
-- Programa de residencias artísticas de Matadero Madrid -AECID
-- Programa de residentes de investigación colaborativa
-- Grupo de educación
-- Grupo de estudio de ecologías
-- Espacio AfroConciencias
-- Programa de residencias de creadores en escuelas de Levadura
-- Programa piloto de residencias musicales
-- Residencias de pensamiento
-- Archivo de creadores
-- Actividades educativas para todos los públicos
-- Espacio de aventuras Ciudad Diwo
-- Arte Mayor
-- Comité adolescente
-- Aprendanza
650 ## - PUNTO DE ACCESO ADICIONAL DE MATERIA--TÉRMINO DE MATERIA
Subdivisión general arte contemporáneo
-- residencias artísticas
-- Matadero Madrid
9 (RLIN) 7058
Holdings
Estatus retirado Estado de pérdida Fuente del sistema de clasificación o colocación Estado de daño No para préstamo Biblioteca de origen Biblioteca actual Ubicación en estantería Fecha de adquisición Total de préstamos Signatura topográfica completa Código de barras Visto por última vez Precio de reemplazo Tipo de ítem Koha
    Clasificación Decimal Dewey     Biblioteca LadoV Biblioteca LadoV   30/05/2019   707 AY989c 004782 30/05/2019 30/05/2019 Material 01